00738nam a22002057a 450000500170000000800410001701000170005802000230007503500170009804000180011508200080013310000190014124501770016025000130033726000430035027000630039330000400045670000180049670000180051420080922101333.0080922t xxu||||| |||| 00| 0 eng d aB-268860-886 a8186332286c365.00 aB-268860-886 adplbEnglish  a000 aDatason, R.P.  aNew Light's guide to MAT (Managemetn Aptitude Test):cby R.P. Datason, B.L. Sadana [and] S.L. Gulati bconducted by AIMATS (All India Management Aptitude Testing Service) / a16th ed. aNew Delhi bNew Light Publishersc2008 aB-8, Rattan Jyoti, 18, Rajendra Place, bNew Delhie110008 aVarious pagings:bill.c27cm (pbk)  aSadana, B.L.  aGulati, S.L.